000 00688nam a2200241Ia 4500
003 OSt
005 20220928113548.0
006 a|||||r|||| 00| 0
007 ta
008 220927b |||||||| |||| 00| 0 eng d
024 _a51157
037 _cTextual
040 _aSDCL
_cSDCL
_beng
041 _2eng
_aeng
082 _aR3xL24, M4
100 _aHarper William L Ed.
_9433804
245 0 _aKant on causality,freedom,and objectivity.
260 _aMinnesota
_bMinnesota Press
_c1984
300 _avii,190p.
_ccm.
700 _a Meerbote Ralf Ed.
_9433805
942 _hR3xL24, M4
_cTEXL
_2CC
999 _c750213
_d750213